• 首页
  • 本馆介绍
  • 公告通知
  • 最新文献
  • 馆藏检索
  • 电子资源
  • 读者导购
  • 参考咨询
  • 我的图书馆
  • 登录
  • 详细信息显示
  • 放入我的书架
  • 预约/预借图书
  • 作者相关作品
  • 分类相关作品
  • 丛书相关作品
  • 出版社相关作品

书目信息

  • 表格格式
  • 工作单格式
  • 卡片格式
题名:
审计原理与金融审计
    
 
作者: 李桂荣 , 郑师有 主编
分册:  
出版信息: 北京   中国金融出版社  1995
页数: 292页
开本: 20cm
丛书名:
单 册:
中图分类: F239.0 , F239.65
科图分类:
主题词: 审计学--高等学校--教材 , 金融审计--高等学校--教材
电子资源:
ISBN: 978-7-5049-1448-4
000 00791nam0 2200265---450-
001 0101006955
005 20130517110146.0
010    @a978-7-5049-1448-4@dCNY14.00
100    @a20040401e19961995em-y0chiy0110----ea
101 0  @achi
102    @aCN@b110000
105    @ay---z---000yy
106    @ar
200 1  @a审计原理与金融审计@9Shen Ji Yuan Li Yu Jin Rong Shen Ji @f李桂荣,郑师有主编@b专著
210    @a北京@c中国金融出版社@d1995@h1996重印
215    @a292页@d20cm
300    @a高等专科学校金融类教材
606 0  @a审计学@x高等学校@j教材
606 0  @a金融审计@x高等学校@j教材
690    @aF239.0@v4
690    @aF239.65@v4
701  0 @a李桂荣@4主编@9li gui rong
701  0 @a郑师有@4主编@9zheng shi you
801  0 @aCN@bAZmarc@c20230831
905    @aBZT@dF239.0@e60@f3@sF239.0/60
    
    审计原理与金融审计/李桂荣,郑师有主编.-北京:中国金融出版社,1995(1996重印)
    292页;20cm
    高等专科学校金融类教材
    
    ISBN 978-7-5049-1448-4:CNY14.00
    
●
相关链接 在五车中查询图书 在当当中查询图书 在豆瓣中查询图书


正题名:审计原理与金融审计     索取号:F239.0/60         预约/预借

序号 登录号 条形码 馆藏地/架位号 状态 备注
1 2000116740   2000116740   旧书回溯/ [索取号:F239.0/60] 在馆    
2 2000116741   2000116741   旧书回溯/ [索取号:F239.0/60] 在馆    
3 2000116742   2000116742   旧书回溯/ [索取号:F239.0/60] 在馆    
山东省滨州职业学院图书馆 欢迎您!
大连网信软件有限公司© 版权所有